000 00324nam a2200133 i 4500
001 bg
100 1 _aWECK, M.
245 1 0 _aWerkzeugmaschinen.
_nBd. 1,
_pMaschinenarten, Bauformen /
_cM. Weck.
260 _aDusseldorf,
_c1980.
040 _cBPK
041 _apol
942 _cKS
008 s pl f |000 0 pol
999 _c21881
_d21881
856 _uhttp://koha.tu.koszalin.pl/cgi-bin/koha/opac-detail.pl?biblionumber=21881
_yKatalog online BPK